000 01105nam a22002537a 4500
005 20170124103011.0
010 _aB-017195
020 _c130.00
_a818730300
035 _aB-017195
037 _bCen Lib/Ret
040 _aDPL
_bHN
082 _a
_bथपलि
100 _aथपलिया, हरिप्रसाद
_957530
245 _aविद्रोह की चिंगारियां :
_cहरिप्रसाद थपलिया
_bएतिहासिक उपन्यास /
246 _aVidroh ki chingariyan : etihasik upanyas /
_bby Hariprasad Thapliya
260 _a दिल्ली
_bसाहित्य केंद्र प्रकाशन
_c1994
270 _aई-5/20, कृष्ण नगर
_b दिल्ली
_e110051
300 _a134पृ.
_c20सेमी(सजिल्द )
650 _aहिंदी साहित्य
_x
_z
_957531
650 _aहिंदी उपन्यास
_957532
650 _aHindi literature
_v
_957533
650 _aHindi fiction
_927248
942 _2ddc
_cHN
_h
_mथपलि
999 _c114607
_d114607